书目信息 |
| 题名: |
汽车营销
|
|
| 作者: | 韩明祖 主编 | |
| 分册: | ||
| 出版信息: | 天津 天津科学技术出版社 2013 |
|
| 页数: | 215页 | |
| 开本: | 29cm | |
| 丛书名: | ||
| 单 册: | ||
| 中图分类: | F766 | |
| 科图分类: | ||
| 主题词: | 汽车--市场营销学--教材 , 汽车 , 市场营销学 | |
| 电子资源: | ||
| ISBN: | 978-7-5308-8190-3 | |
| 000 | 00974nam0 2200277 450 | |
| 001 | 524 | |
| 005 | 20140909101326.34 | |
| 010 | @a978-7-5308-8190-3@dCNY38.90 | |
| 100 | @a20130902d2013 em y0chiy50 ea | |
| 101 | 0 | @achi |
| 102 | @aCN@b120000 | |
| 105 | @aa z 000yy | |
| 106 | @ar | |
| 200 | 1 | @a汽车营销@AQi Che Ying Xiao@f韩明祖[等]主编@FHan Ming Zu [ Deng ] Zhu Bian |
| 210 | @a天津@c天津科学技术出版社@d2013 | |
| 215 | @a215页@c图@d29cm | |
| 300 | @a21世纪汽车专业“十二五”规划新教材 任务引领、项目驱动型新教材 | |
| 304 | @a主编还有:朱春龙、程艳辉、林南 | |
| 330 | @a本书介绍了汽车市场营销概述、汽车营销职业素质、用户购买行为分析、汽车市场调研与需求预测、汽车价格策略、汽车品牌营销策略、汽车分销策略、汽车促销策略、汽车营销实务等内容。 | |
| 606 | 0 | @a汽车@x市场营销学@j教材 |
| 606 | 0 | @a汽车 |
| 606 | 0 | @a市场营销学 |
| 690 | @aF766@v5 | |
| 701 | 0 | @a韩明祖@AHan Ming Zu@4主编 |
| 801 | 0 | @aCN@bTANGWEI@c20140603 |
| 905 | @b0838567-69@dF766@e37@f3 | |
| 汽车营销/韩明祖[等]主编.-天津:天津科学技术出版社,2013 |
| 215页:图;29cm |
| 21世纪汽车专业“十二五”规划新教材 任务引领、项目驱动型新教材 |
| ISBN 978-7-5308-8190-3:CNY38.90 |
| 本书介绍了汽车市场营销概述、汽车营销职业素质、用户购买行为分析、汽车市场调研与需求预测、汽车价格策略、汽车品牌营销策略、汽车分销策略、汽车促销策略、汽车营销实务等内容。 |
| ● |
| 相关链接 |
|
|
|
|
正题名:汽车营销
索取号:F766/37
 
预约/预借
| 序号 | 登录号 | 条形码 | 馆藏地/架位号 | 状态 | 备注 |
| 1 | 0838567 | 208385674 | 第一样本阅览室/ [索取号:F766/37] | 在馆 | |
| 2 | 0838568 | 208385683 | 第一借阅区/ [索取号:F766/37] | 在馆 | |
| 3 | 0838569 | 208385692 | 密集书库-海洋学院/ [索取号:F766/37] | 在馆 |